|
|
|
|
| LEADER |
02176nam a22003853i 4500 |
| 001 |
EBC6759844 |
| 003 |
MiAaPQ |
| 005 |
20231204023219.0 |
| 006 |
m o d | |
| 007 |
cr cnu|||||||| |
| 008 |
231204s2018 xx o ||||0 ger d |
| 020 |
|
|
|a 9783839443286
|q (electronic bk.)
|
| 020 |
|
|
|z 9783837643282
|
| 035 |
|
|
|a (MiAaPQ)EBC6759844
|
| 035 |
|
|
|a (Au-PeEL)EBL6759844
|
| 035 |
|
|
|a (OCoLC)1059148504
|
| 040 |
|
|
|a MiAaPQ
|b eng
|e rda
|e pn
|c MiAaPQ
|d MiAaPQ
|
| 100 |
1 |
|
|a Steiner, Petra H.
|
| 245 |
1 |
0 |
|a Soziale Welten der Erwachsenenbildung :
|b Eine professionstheoretische Verortung.
|
| 250 |
|
|
|a 1st ed.
|
| 264 |
|
1 |
|a Bielefeld :
|b transcript,
|c 2018.
|
| 264 |
|
4 |
|c ©2018.
|
| 300 |
|
|
|a 1 online resource (264 pages)
|
| 336 |
|
|
|a text
|b txt
|2 rdacontent
|
| 337 |
|
|
|a computer
|b c
|2 rdamedia
|
| 338 |
|
|
|a online resource
|b cr
|2 rdacarrier
|
| 490 |
1 |
|
|a Pädagogik
|
| 505 |
0 |
|
|a Intro -- Inhalt -- Vorwort -- 1. Professionalisierung Und Diversität Von Erwachsenenbildner/Innen -- 2. Professionalisierung - Ein Umkämpfter Begriff -- 3. Traditionelles Und Neues Berufsund Professionsverständnis -- 4. Akteur/Innen Der Professionalisierung -- 5. Modelle Zur Beschreibung Von Erwachsenenbildner/Innen -- 6. Beschreibungsmodell Professionsspezifische Subkulturen -- 7. Beschreibungsmodell Soziale Welten In Arenen -- 8. Methodologische Reflexion Und Vorteile Der Modelle Professionsspezifische Subkulturen Und Soziale Welten In Arenen -- 9. Zusammenfassung Und Umsetzungsperspektive -- Literaturverzeichnis -- Abbildungsverzeichnis -- Tabellenverzeichnis.
|
| 588 |
|
|
|a Description based on publisher supplied metadata and other sources.
|
| 590 |
|
|
|a Electronic reproduction. Ann Arbor, Michigan : ProQuest Ebook Central, 2023. Available via World Wide Web. Access may be limited to ProQuest Ebook Central affiliated libraries.
|
| 655 |
|
4 |
|a Electronic books.
|
| 776 |
0 |
8 |
|i Print version:
|a Steiner, Petra H.
|t Soziale Welten der Erwachsenenbildung
|d Bielefeld : transcript,c2018
|z 9783837643282
|
| 797 |
2 |
|
|a ProQuest (Firm)
|
| 830 |
|
0 |
|a Pädagogik
|
| 856 |
4 |
0 |
|u https://ebookcentral.proquest.com/lib/matrademy/detail.action?docID=6759844
|z Click to View
|